Reagan : The Life (Record no. 43209)

MARC details
000 -LEADER
fixed length control field 00395nam a22001697a 4500
005 - DATE AND TIME OF LATEST TRANSACTION
control field 20250127163508.0
008 - FIXED-LENGTH DATA ELEMENTS--GENERAL INFORMATION
fixed length control field 250127b |||||||| |||| 00| 0 eng d
020 ## - INTERNATIONAL STANDARD BOOK NUMBER
International Standard Book Number 9780307951144
041 ## - LANGUAGE CODE
Language code of text/sound track or separate title Eng
082 ## - DEWEY DECIMAL CLASSIFICATION NUMBER
Classification number 973.9270 BRA
100 ## - MAIN ENTRY--PERSONAL NAME
Author Brands, W. H.
245 ## - TITLE STATEMENT
Title Reagan : The Life
260 ## - PUBLICATION, DISTRIBUTION, ETC.
Place New York
Publisher Anchor Books
Publication Year 2016
300 ## - PHYSICAL DESCRIPTION
Extent 805;. P.
650 ## - SUBJECT ADDED ENTRY--TOPICAL TERM
Subject Biography
942 ## - ADDED ENTRY ELEMENTS (KOHA)
Koha item type Books
Holdings
Withdrawn status Lost status Source of classification or shelving scheme Damaged status Not for loan Home library Current library Shelving location Accession Date Vendor Price Bill number Full call number Barcode No Date last seen Bill Date Koha item type
    Dewey Decimal Classification     IMTN IMTN Rack 41-B 01/27/2025 Amazon.in 1699.00 AMD2-164879 973.9270 BRA 33611 01/27/2025 11/26/2024 Books
Designed & Maintained by: LRC IMT Nagpur Contact: lrc@imtnag.ac.in© 2024. All Rights Reserved.